000 00556nam a22001937a 4500
008 150511b xxu||||| |||| 00| 0 eng d
020 _a9780073406176 (hard copy : alk. paper)
020 _a0073406171 (hard copy : alk. paper)
041 0 _aeng
080 _a512.7
100 1 _aMessersmith, Sherri.
245 1 0 _aIntermediate algebra /
_cSherri Messersmith.
250 _aBotimi parë
260 _aNew York :
_bMcGraw-Hill,
_cc2012.
300 _aFaqe të ndryshme
_bme il
_c29 cm.
505 _aIndex: f.I-I8
650 0 _aAlgjebra
942 _2udc
_cBK
999 _c722
_d722